Responses for Show #8538 - Wednesday, December 22, 2021

Amy Schneider game 16.

Contestants

[<< previous game]

Krystina Alfano, a grants management specialist from Hyattsville, Maryland

Jamal Rogers, a mobile software engineer from Astoria, New York

Amy Schneider, an engineering manager from Oakland, California (whose 15-day cash winnings total $606,200)

[next game >>]

Jeopardy! Round responses

THE HOST OF CHRISTMAS PAST
MAMMALS
CRUISIN' FOR A BOOZIN'
THE 1920s
HOW GREEN WAS MY FLAG
INTERNAL RHYME TIME
(Ken: Each response will be a 2-syllable word in which the syllables rhyme, like "polo".)
    $200 22
Colbert

Amy
    $200 1
a black bear

Jamal
    $200 16
a foghorn

Jamal
    $200 8
(Jamal: What is Encyclopaedia Britannica?)

the OED (the Oxford English Dictionary)

AmyJamal
    $200 21
Ireland

Krystina
    $200 7
blackjack

Amy
    $400 27
Judy Garland

Krystina
    $400 2
eggs

Krystina
    $400 17
a anchovy

Amy
    $400 9
Houdini

Amy
    $400 23
Italy

Jamal
    $400 3
the logo

Amy
    $600 28
*NSYNC

Jamal
    $4,000 13
a camel

Amy
    $600 18
grog

Amy
    $600 10
(J. Edgar) Hoover

Amy
    $600 24
Libya

Amy
    $600 4
hodgepodge

Amy
    $800 29
Musgraves

Krystina
    $800 14
an orangutan

Amy
    $800 19
(Jamal: What is a Hurricane?)
(Krystina: What's a Cape Codder?)

a Sea Breeze

AmyJamalKrystina
    $800 11
the Blackshirts

Jamal
    $800 25
Brazil

Amy
    $800 5
guru

Amy
    $1000 30
Scrooged

Amy
    $1000 15
a harbor seal

Amy
    $1000 20
the Flying Dutchman

Amy
    $1000 12
(Ken: Yes, his opposing counsel.)

Bryan

Amy
    $1000 26
(Krystina: What is Chad?)

Mali

Krystina
Triple Stumper
    $1000 6
mayday

Amy

Scores at the first commercial break (after clue 15):

Amy Jamal Krystina
$11,000 $800 $400

Scores at the end of the Jeopardy! Round:

Amy Jamal Krystina
$16,400 $1,200 $0

Double Jeopardy! Round responses

'TIS THE SEASON, ERA OR EPOCH
SHORT POEMS
I KNOW THAT NAME
U.S. GEOGRAPHY
AVIATION
NO DA
    $400 6
open season

Amy
    $400 24
parsley

Amy
    $400 8
(Carson) Daly

Krystina
    $400 15
the Rockies

Amy
    $400 29
Orville & Wilbur Wright

Jamal
    $400 1
a lamb (from lambda)

Jamal
    $800 7
Good Feelings

Krystina
    $800 25
a haiku

Amy
    $800 9
Menzel

Jamal
    $800 16
Lake Champlain

Amy
    $800 20
El Al

Amy
    $800 2
guerre (Daguerre)

Krystina
    $1200 13
the Victorian Era

Amy
    $1200 26
pool

Jamal
    $1200 10
(Olivia) Munn

Jamal
    $4,000 17
(Ken: From the same root as "shalom" or "salaam".)

Salem

Amy
    $1200 21
Airbus

Jamal
    $1200 3
Rama (from Ramada)

Amy
    $3,600 12
the Mesozoic

Jamal
    $1600 28
wheelbarrow

Amy
    $1600 11
Halsey

Triple Stumper
    $1600 18
the Aleutians

Amy
    $1600 22
Ingenuity

Triple Stumper
    $1600 4
capo (from da capo)

Amy
    $2000 14
(Krystina: What is the Ice Age?)

the Pleistocene Epoch

Krystina
Triple Stumper
    $2000 27
the "Dust of Snow"

Triple Stumper
    $2000 23
Regina King & Regina Hall

Jamal
    $2000 19
the Outer Banks

Krystina
    $2000 30
Doha

Amy
    $2000 5
Cana (Canada to Cana)

Amy

Scores at the end of the Double Jeopardy! Round:

Amy Jamal Krystina
$35,200 $12,000 $2,000
(lock game)

[wagering suggestions for these scores]

Final Jeopardy! Round responses

SPORTING EVENTS
(Ken: [To Krystina] Yes, it was literally between the steeples of those two churches.)
KrystinaWhat is the steeplechase?
$1,951
JamalWhat is Biciyling?
$345
AmyWhat is
$10,000
steeplechase

Final scores:

Amy Jamal Krystina
$25,200 $11,655 $3,951
16-day champion: $631,400 2nd place: $2,000 3rd place: $1,000

Game dynamics:

Coryat scores:

Amy Jamal Krystina
$29,000 $10,000 $2,000
34 R
(including 2 DDs),
0 W
13 R
(including 1 DD),
2 W
8 R,
3 W

Combined Coryat: $41,000

[game clues] [game scores] [suggest correction]

Game tape date: 2021-10-11
The J! Archive is created by fans, for fans. Scraping, republication, monetization, and malicious use prohibited; this site may use cookies and collect identifying information. See terms. The Jeopardy! game show and all elements thereof, including but not limited to copyright and trademark thereto, are the property of Jeopardy Productions, Inc. and are protected under law. This website is not affiliated with, sponsored by, or operated by Jeopardy Productions, Inc. Join the discussion at JBoard.tv.